| 000 | 01533nam a22003977a 4500 | ||
|---|---|---|---|
| 003 | CHAP | ||
| 005 | 20220329143400.0 | ||
| 008 | 090206s2008 mx r 00010 spa d | ||
| 010 | _a95777 | ||
| 011 | _a96749 | ||
| 035 | _a107405 | ||
| 040 | _cCHAP | ||
| 090 | _aTesis | ||
| 100 | 1 |
_aCruz Alvarez, Oscar _929286 |
|
| 245 | 1 | 0 |
_aFisiología poscosecha de tomate de cascara (Physalis ixocarpa Brot.) con y sin cáliz. _c/por Oscar Cruz Álvarez |
| 260 |
_aChapingo, Méx. : _bEl autor, _c2008 |
||
| 300 |
_aix, 58 h. : _bcuadros, diagramas |
||
| 502 | _aTesis (M.C. en Horticultura) -- UACH. Departamento de Fitotecnia | ||
| 530 | _aTambién disponible en línea | ||
| 590 |
_aALEPH _b10 _c20130110 _lUCH01 _h1526 |
||
| 590 |
_aBATCH-UPD _b10 _c20130110 _lUCH01 _h0218 |
||
| 590 |
_aBATCH-UPD _b10 _c20130110 _lUCH01 _h1650 |
||
| 590 |
_aBATCH-UPD _b10 _c20130410 _lUCH01 _h1039 |
||
| 590 |
_aBATCH-UPD _b10 _c20130914 _lUCH01 _h1105 |
||
| 590 |
_aBATCH-UPD _b10 _c20140324 _lUCH01 _h1509 |
||
| 590 |
_aBATCH-UPD _b10 _c20141002 _lUCH01 _h0838 |
||
| 590 |
_aCONVERSION _b10 _c20130109 _lUCH01 _h1353 |
||
| 650 | 0 | 4 |
_aTomate verde _xAlmacenamiento. _9113797 |
| 650 | 0 | 4 |
_aTomate verde _xCalidad. _9113801 |
| 650 | 1 | 4 |
_aTomate verde _xFisiología y morfología. _9113815 |
| 856 |
_3Finding aid _uhttp://10.13.5.2/tesis/107405.pdf _zTeclea aqui |
||
| 901 | _aBK | ||
| 942 | _cFOLL | ||
| 949 |
_aTesis _bBC _cTES _d33724002083223 _eTS1 _gDonaciØn _h48732 _i107405 _sb |
||
| 949 |
_aTesis _bBC _cTES _d33724002083264 _eTS2 _fc.2 _gDonaciØn _h48733 _i107405 _sb |
||
| 999 |
_c95777 _d95777 |
||